[Event "2. Arberseniorencup 2014"]
[Site "Bayerisch Eisenstein"]
[Date "2014.08.19"]
[Round "4.13"]
[White "Scheuerlein, Gerhard"]
[Black "Mosler, Ernst"]
[Result "1-0"]
[WhiteElo "1813"]
[BlackElo "1693"]
[PlyCount "143"]
[EventDate "2014.08.16"]
[WhiteTeam "SK Schwabach 1907 e.V."]
[BlackTeam "SV Wettstetten e.V."]

1. d4  d5 2. c4 e6 3. Nf3 Nf6 4. Nc3 Be7 5. cxd5 exd5 6. Qb3
Nc6 7. e3 O-O 8. a3 a6 9. Be2 b5 10. Na2 Re8 11. Bd2 Bd7 12. Rc1 Rb8 13. Qc2
Bd6 14. Nb4 Nxb4 15. Bxb4 Bxb4+ 16. axb4 c6 17. Ne5 Rc8 18. Nxd7 Qxd7 19. Ra1
Qa7 20. O-O Rc7 21. Rfc1 Qb7 22. b3 g6 23. Ra5 Nd7 24. Rca1 Nb8 25. h4 f5 26.
h5 Rce7 27. hxg6 hxg6 28. Bd3 Kg7 29. g3 Kf6 30. Kg2 Rh8 31. Rg1 Qc7 32. Raa1
Qd6 33. Qd2 Qe6 34. Qe2 g5 35. Rh1 Reh7 36. Rxh7 Rxh7 37. g4 Qd6 38. f4 gxf4
39. exf4 Qxf4 40. Qe5+ Qxe5 41. dxe5+ Kxe5 42. Bxf5 Re7 43. Kf3 Kd6 44. Kf4 Re2
45. Rf1 Nd7 46. g5 Rb2 47. Rf3 Re2 48. g6 Rg2 49. Bxd7 Kxd7 50. Kf5 Ke7 51.
Re3+ Kf8 52. Re6 Rf2+ 53. Kg4 Rg2+ 54. Kf3 Rg1 55. Rxc6 Kg7 56. Kf4 Rxg6 57.
Rxg6+ Kxg6 58. Ke5 Kf7 59. Kxd5 Ke7 60. Kc6 Ke6 61. Kb6 Kd6 62. Kxa6 Kc6 63.
Ka5 Kb7 64. Kxb5 Kb8 65. Kc5 Kb7 66. b5 Kc7 67. b6+ Kb7 68. Kb5 Kb8 69. Ka6 Ka8
70. b7+ Kb8 71. b4 Kc7 72. Ka7 1-0

[Event "2. Arberseniorencup 2014"]
[Site "Bayerisch Eisenstein"]
[Date "2014.08.20"]
[Round "5.1"]
[White "Block, Wolfgang"]
[Black "Gerl, Hans"]
[Result "1-0"]
[WhiteElo "2074"]
[BlackElo "2046"]
[PlyCount "37"]
[EventDate "2014.08.16"]
[WhiteTeam "DJK Aufwärts St. Josef Aachen 19"]
[BlackTeam "SK Zirndorf e.V."]

1. d4 Nf6 2. c4 e6 3. Nc3 Bb4 4. e3 O-O 5. Bd3 c5 6. Nf3 b6 7. O-O Bb7 8. Qe2
Re8 9. Rd1 a6 10. Bd2 d5 11. a3 cxd4 12. exd4 Bf8 13. Bg5 Nbd7 14. cxd5 exd5
15. Qc2 Rc8 16. Bxh7+ Kh8 17. Bf5 Be7 18. Ne5 Rc7 19. Nxf7+ 1-0

[Event "2. Arberseniorencup 2014"]
[Site "Bayerisch Eisenstein"]
[Date "2014.08.20"]
[Round "5.2"]
[White "Kanewski, Josef"]
[Black "Winiwarter, Felix"]
[Result "1/2-1/2"]
[WhiteElo "2084"]
[BlackElo "2149"]
[PlyCount "70"]
[EventDate "2014.08.16"]
[WhiteTeam "SK Weiden 1907"]
[BlackTeam "Sgm Voest Krems"]

1. d4 Nf6 2. c4 g6 3. g3 Bg7 4. Bg2 O-O 5. Nc3 d6 6. Nf3 Nc6 7. O-O a6 8. b3
Rb8 9. a4 Bg4 10. h3 Bxf3 11. Bxf3 Nd7 12. e3 e5 13. Ne2 exd4 14. exd4 Qf6 15.
Bxc6 bxc6 16. Kg2 Rfe8 17. Be3 c5 18. Rb1 Qf5 19. Nc3 cxd4 20. Bxd4 Ne5 21. f4
Nd3 22. Bxg7 Kxg7 23. Qd2 Nc5 24. b4 Ne4 25. Qd4+ Qf6 26. Qxf6+ Nxf6 27. b5 Re3
28. Rfc1 Rbe8 29. Nd1 Rd3 30. Rc3 Rd2+ 31. Kf3 Ra2 32. Re3 Rxe3+ 33. Nxe3 Rxa4
34. b6 cxb6 35. Rxb6 Nd7 1/2-1/2

[Event "2. Arberseniorencup 2014"]
[Site "Bayerisch Eisenstein"]
[Date "2014.08.20"]
[Round "5.4"]
[White "Zerweck, Christoph"]
[Black "Tomanek, Rafael"]
[Result "0-1"]
[WhiteElo "1881"]
[BlackElo "1946"]
[PlyCount "44"]
[EventDate "2014.08.16"]
[WhiteTeam "SV Herrenberg e.V."]
[BlackTeam "SK Doprastav Bratislava"]

1. e4 c6 2. d4 d5 3. e5 Bf5 4. Nf3 e6 5. Be2 c5 6. Be3 Qb6 7. Nc3 Qxb2 8. Nb5
Na6 9. O-O c4 10. a4 Bxc2 11. Qe1 Nh6 12. Bd2 Bb4 13. Bxb4 Nxb4 14. Nc7+ Kd7
15. Nxa8 Rxa8 16. Qd2 c3 17. Rab1 Qxb1 18. Rxb1 cxd2 19. Rxb4 d1=Q+ 20. Bxd1
Bxd1 21. Rxb7+ Kc6 22. Re7 Bxa4 0-1

[Event "2. Arberseniorencup 2014"]
[Site "Bayerisch Eisenstein"]
[Date "2014.08.20"]
[Round "5.5"]
[White "Riedl, Maximilian"]
[Black "Ketzscher, Roland"]
[Result "1-0"]
[WhiteElo "2005"]
[BlackElo "2028"]
[PlyCount "107"]
[EventDate "2014.08.16"]
[WhiteTeam "SC Furth im W./Waldmünch"]
[BlackTeam "TSV IFA Chemnitz"]

1. Nf3 Nf6 2. g3 d5 3. Bg2 e6 4. O-O Be7 5. d3 O-O 6. Nbd2 c5 7. e4 dxe4 8.
dxe4 Nc6 9. c3 e5 10. Qc2 Qc7 11. Nc4 h6 12. Ne3 Rd8 13. Nf5 Bf8 14. h3 Be6 15.
b3 Rd7 16. Nh2 Rad8 17. Ng4 Nxg4 18. hxg4 g5 19. Be3 Kh7 20. Rfd1 Rxd1+ 21.
Rxd1 Rxd1+ 22. Qxd1 Qd8 23. Qe2 a5 24. Bf3 Qb6 25. Qc2 Qd8 26. Be2 f6 27. Kg2
Qc7 28. Qd3 a4 29. Qd1 axb3 30. axb3 Na5 31. b4 cxb4 32. cxb4 Bxb4 33. Qb1 Nc6
34. Bb5 Bf8 35. Be2 Qc8 36. Qb6 Qd7 37. Bb5 Qc8 38. f4 Bxf5 39. gxf5 exf4 40.
gxf4 Bd6 41. fxg5 hxg5 42. Bc4 Qc7 43. Qb1 Be5 44. Qh1+ Kg7 45. Qh5 Ne7 46.
Qf7+ Kh8 47. Bb6 Qd6 48. Be3 Qc7 49. Kf3 Qd6 50. Ke2 Qc7 51. Bb3 Qd6 52. Kf3
Qb4 53. Qf8+ Kh7 54. Bg8+ 1-0

[Event "2. Arberseniorencup 2014"]
[Site "Bayerisch Eisenstein"]
[Date "2014.08.20"]
[Round "5.6"]
[White "Sagner, Günter"]
[Black "Titz, Herbert"]
[Result "0-1"]
[WhiteElo "1688"]
[BlackElo "1987"]
[PlyCount "42"]
[EventDate "2014.08.16"]
[WhiteTeam "SC Bw Regen/Zwiesel e.V."]
[BlackTeam "Austria Wien"]

1. d4 Nf6 2. c4 c5 3. d5 b5 4. cxb5 a6 5. Nc3 d6 6. e4 g6 7. Be2 Bg7 8. Bg5 O-O
9. Qd2 Qa5 10. h4 axb5 11. Bxb5 Ba6 12. Bxa6 Nxa6 13. Nge2 Rfb8 14. O-O Rb7 15.
a3 Nc7 16. b4 cxb4 17. axb4 Qxa1 18. Rxa1 Rxa1+ 19. Kh2 Rxb4 20. f3 Kf8 21. Nd4
Rxd4 0-1

[Event "2. Arberseniorencup 2014"]
[Site "Bayerisch Eisenstein"]
[Date "2014.08.20"]
[Round "5.7"]
[White "Tveten, Per"]
[Black "Slacik, Johann"]
[Result "0-1"]
[WhiteElo "1578"]
[BlackElo "1864"]
[PlyCount "116"]
[EventDate "2014.08.16"]
[BlackTeam "ESV Westbahn Linz"]

1. e4 e5 2. Nf3 d6 3. h3 Nf6 4. Nc3 Be7 5. Bc4 h6 6. d3 Nc6 7. a3 a6 8. O-O Nh7
9. Nd5 Be6 10. Nxe7 Qxe7 11. Bxe6 Qxe6 12. Be3 O-O 13. Nh4 d5 14. f4 exf4 15.
Rxf4 g5 16. Rg4 Nf6 17. Rg3 dxe4 18. Qd2 Kh7 19. Bxg5 hxg5 20. Rxg5 Rg8 21. Qf4
Rxg5 22. Qxg5 Rg8 23. Qf5+ Qxf5 24. Nxf5 exd3 25. cxd3 Rd8 26. Rd1 Nd4 27. Ne3
Kg6 28. Kf2 Nf5 29. Nc2 c5 30. a4 Nd4 31. Ne3 Nd5 32. Nc4 f6 33. Nd2 b6 34. Ne4
Nf4 35. h4 Nde6 36. h5+ Kg7 37. Ng3 Nxd3+ 38. Ke3 Nxb2 39. Nf5+ Kf8 40. Rxd8+
Nxd8 41. Ke4 c4 42. Kd4 b5 43. a5 Ne6+ 44. Kc3 Na4+ 45. Kc2 Nac5 46. g4 Kf7 47.
Nh4 Nf8 48. Nf5 Ke6 49. h6 Ke5 50. Kd2 Kf4 51. Ne3 Nb3+ 52. Ke2 Nd4+ 53. Kf2
Nf3 54. Ke2 Ne5 55. Nd5+ Kxg4 56. Nxf6+ Kf5 57. h7 Nxh7 58. Nxh7 c3 0-1

[Event "2. Arberseniorencup 2014"]
[Site "Bayerisch Eisenstein"]
[Date "2014.08.20"]
[Round "5.8"]
[White "Gaug, Herbert"]
[Black "Kiefer, Herbert"]
[Result "1-0"]
[WhiteElo "1856"]
[BlackElo "1872"]
[PlyCount "97"]
[EventDate "2014.08.16"]
[WhiteTeam "SC Wolfsberg"]
[BlackTeam "SC Ansbach 1855 e.V."]

1. d4 d5 2. c4 dxc4 3. Nf3 e6 4. Nc3 c5 5. e3 a6 6. a4 Nf6 7. Bxc4 Be7 8. O-O
O-O 9. Qe2 Qc7 10. Rd1 b6 11. d5 e5 12. h3 Bb7 13. e4 Nbd7 14. Bg5 h6 15. Bxf6
Nxf6 16. Rac1 Qd6 17. Nh2 Nh7 18. Ng4 Bg5 19. Rc2 Kh8 20. Bd3 Bc8 21. Ne3 Bxe3
22. Qxe3 Qg6 23. Kh1 Nf6 24. f4 exf4 25. Qxf4 Nh5 26. Qf3 Bb7 27. g4 c4 28.
gxh5 Qg5 29. Bxc4 f5 30. e5 Rae8 31. Re2 f4 32. Rg1 Qd8 33. Kh2 Qe7 34. Rg4 Qc5
35. Rxf4 Rxf4 36. Qxf4 Rf8 37. Qe4 Rf2+ 38. Kg3 Rxe2 39. Bxe2 Qg1+ 40. Kf3 Qh1+
41. Ke3 Qxh3+ 42. Kf2 Kg8 43. e6 Kf8 44. Qf4+ Ke7 45. Qc7+ Kf6 46. Qxb7 Qh1 47.
Qxb6 Qh2+ 48. Ke1 Qg3+ 49. Qf2+ 1-0

[Event "2. Arberseniorencup 2014"]
[Site "Bayerisch Eisenstein"]
[Date "2014.08.20"]
[Round "5.9"]
[White "Klimpel, Siegfried"]
[Black "Zilch, Lothar"]
[Result "0-1"]
[WhiteElo "1868"]
[BlackElo "1931"]
[PlyCount "102"]
[EventDate "2014.08.16"]
[WhiteTeam "TSV Kareth-Lappersdorf"]
[BlackTeam "SV Alsfeld"]

1. d4 Nf6 2. Nc3 d5 3. Bg5 Nbd7 4. e3 c6 5. Nf3 g6 6. Bd3 Bg7 7. O-O O-O 8. h3
Nh5 9. e4 dxe4 10. Nxe4 h6 11. Be3 Kh7 12. g4 Nhf6 13. Nfd2 Nd5 14. Ng3 N7f6
15. Nh5 Nxh5 16. gxh5 Bxh3 17. Qf3 Bxf1 18. Rxf1 Nxe3 19. fxe3 Qd5 20. Qe2 Qg5+
21. Kf2 Qh4+ 22. Kg2 Kh8 23. Rh1 Qg5+ 24. Kf1 f5 25. hxg6 Qxg6 26. Rg1 Qh7 27.
Nf3 Bf6 28. Bc4 Rae8 29. Be6 Rg8 30. Rxg8+ Rxg8 31. Bxg8 Qxg8 32. c4 Qg3 33.
Qf2 Qg4 34. b3 h5 35. b4 Kh7 36. a4 Qe4 37. b5 Kh6 38. Nd2 Qd3+ 39. Qe2 Qa3 40.
Qf3 Qxa4 41. Ke2 cxb5 42. c5 Qa6 43. Qxf5 Qa2 44. d5 Qa4 45. e4 Qd4 46. Qc8 Bg5
47. Qf8+ Qg7 48. Qxg7+ Kxg7 49. Kf3 Bxd2 50. c6 bxc6 51. dxc6 Ba5 0-1

[Event "2. Arberseniorencup 2014"]
[Site "Bayerisch Eisenstein"]
[Date "2014.08.20"]
[Round "5.10"]
[White "Gervinskas-Wagner, Vidmant"]
[Black "Kühnl, Bernd"]
[Result "1-0"]
[WhiteElo "1896"]
[BlackElo "1821"]
[PlyCount "73"]
[EventDate "2014.08.16"]
[WhiteTeam "SK Freising"]
[BlackTeam "VfL 1990 Gera"]

1. d4 Nf6 2. c4 d6 3. Nf3 g6 4. Nc3 Bg7 5. e4 O-O 6. Be2 e5 7. dxe5 dxe5 8. O-O
h6 9. h3 Kh7 10. Qc2 Qe7 11. Rd1 b6 12. Be3 Bb7 13. Rab1 Nc6 14. a3 a5 15. Rd2
Rad8 16. Nd5 Nxd5 17. cxd5 Nb8 18. b4 axb4 19. axb4 Ba6 20. b5 Bc8 21. Rc1 Rd7
22. d6 Rxd6 23. Rxd6 Qxd6 24. Qxc7 Qxc7 25. Rxc7 Nd7 26. Nd2 Nc5 27. Bxc5 bxc5
28. Rxc5 Be6 29. Bc4 Bxc4 30. Nxc4 f6 31. b6 Rb8 32. Rc7 Kg8 33. b7 Bf8 34. Na5
Bd6 35. Rc8+ Kf7 36. Nc6 Rxb7 37. Nd8+ 1-0

[Event "2. Arberseniorencup 2014"]
[Site "Bayerisch Eisenstein"]
[Date "2014.08.20"]
[Round "5.11"]
[White "Hedzic, Omer"]
[Black "Scheuerlein, Gerhard"]
[Result "0-1"]
[WhiteElo "1622"]
[BlackElo "1813"]
[PlyCount "104"]
[EventDate "2014.08.16"]
[WhiteTeam "SC Bw Regen/Zwiesel e.V."]
[BlackTeam "SK Schwabach 1907 e.V."]

1. e4 e6 2. g3 c5 3. Bg2 Nc6 4. c3 b6 5. Nf3 Bb7 6. d3 d6 7. Be3 Nf6 8. Nbd2
Qc7 9. O-O Be7 10. h3 Ne5 11. Qe2 Ba6 12. c4 Nxf3+ 13. Bxf3 e5 14. a3 Bc8 15.
Kg2 Bd7 16. Rh1 h6 17. b3 Nh7 18. Bg4 O-O 19. Raf1 Ng5 20. f4 Ne6 21. Bxe6 Bxe6
22. f5 Bd7 23. Qg4 Kh7 24. Qe2 a6 25. Rf2 Qd8 26. h4 Kg8 27. g4 Bxh4 28. Rf3
Bg5 29. Rfh3 f6 30. Bxg5 fxg5 31. Kg3 Qf6 32. Rh5 Kf7 33. Qf1 Ke7 34. R5h2 Rh8
35. Nf3 b5 36. b4 cxb4 37. axb4 a5 38. bxa5 Rxa5 39. Rc2 g6 40. Qe1 Ra3 41. Qd1
gxf5 42. exf5 Rc8 43. Rhh2 bxc4 44. Rxc4 Rxc4 45. dxc4 e4 46. Re2 Rxf3+ 47. Kg2
Qe5 48. Qe1 Bc6 49. c5 d5 50. Ra2 Qf4 51. Ra7+ Bd7 52. c6 Qxg4+ 0-1

[Event "2. Arberseniorencup 2014"]
[Site "Bayerisch Eisenstein"]
[Date "2014.08.20"]
[Round "5.12"]
[White "Glatz, Volker"]
[Black "Svoboda, Jaroslav"]
[Result "0-1"]
[WhiteElo "1196"]
[BlackElo "1599"]
[PlyCount "86"]
[EventDate "2014.08.16"]
[WhiteTeam "SC Bw Regen/Zwiesel e.V."]

1. c4 Nf6 2. Nf3 e6 3. g3 c6 4. Bg2 d5 5. b3 Bd6 6. O-O O-O 7. d3 Nbd7 8. Bb2
Rb8 9. Nbd2 e5 10. e4 d4 11. Re1 c5 12. Nh4 g6 13. Bc1 Re8 14. Ndf3 Bf8 15. Bd2
h6 16. Qc1 Kh7 17. h3 Ng8 18. Nh2 Ndf6 19. f4 Nh5 20. g4 Nxf4 21. Bxf4 exf4 22.
N4f3 g5 23. Re2 Qc7 24. Qe1 a6 25. a4 b5 26. e5 bxc4 27. bxc4 Rb3 28. Rd2 f6
29. Qe4+ Kg7 30. exf6+ Nxf6 31. Qa8 Rb8 32. Nxd4 cxd4 33. Qf3 Re3 34. Qf2 Bb7
35. Nf3 Bb4 36. Nxd4 Kf7 37. Re2 Bxg2 38. Rxe3 fxe3 39. Qxg2 Bc3 40. Rf1 Bxd4
41. Qe4 e2+ 42. Qxd4 exf1=Q+ 43. Kxf1 Qf4+ 0-1

[Event "2. Arberseniorencup 2014"]
[Site "Bayerisch Eisenstein"]
[Date "2014.08.20"]
[Round "5.13"]
[White "Reichert, Rudolf"]
[Black "Pohl, Rolf-Dieter"]
[Result "1-0"]
[WhiteElo "1845"]
[BlackElo "1000"]
[PlyCount "59"]
[EventDate "2014.08.16"]
[BlackTeam "SC Vaterstetten-Grasbrunn"]

1. e4 c6 2. Nf3 d5 3. e5 Bf5 4. d4 e6 5. h3 h6 6. a3 Nd7 7. Nc3 Qc7 8. Bf4 Ne7
9. Bh2 c5 10. Nb5 Qb6 11. Nd6+ Kd8 12. Nxf7+ Ke8 13. Nxh8 Qxb2 14. Rb1 Qc3+ 15.
Qd2 cxd4 16. Qxc3 Rc8 17. Qxc8+ Nxc8 18. Rxb7 Bxc2 19. Bb5 Ncb6 20. Rb8+ Ke7
21. Rb7 d3 22. Ng6+ Kf7 23. Nxf8 Kxf8 24. Bxd7 Nc4 25. Nd2 Ke7 26. Nxc4 dxc4
27. Kd2 Bb3 28. Ba4+ Kd8 29. Bxb3 cxb3 30. Rxb3 1-0

[Event "2. Arberseniorencup 2014"]
[Site "Bayerisch Eisenstein"]
[Date "2014.08.21"]
[Round "6.1"]
[White "Block, Wolfgang"]
[Black "Kanewski, Josef"]
[Result "1/2-1/2"]
[WhiteElo "2074"]
[BlackElo "2084"]
[PlyCount "97"]
[EventDate "2014.08.16"]
[WhiteTeam "DJK Aufwärts St. Josef Aachen 19"]
[BlackTeam "SK Weiden 1907"]

1. d4 f5 2. Nf3 Nf6 3. Bg5 g6 4. Bxf6 exf6 5. e3 d5 6. c4 Bb4+ 7. Nc3 Be6 8.
Qb3 Nc6 9. Nd2 Bxc3 10. bxc3 Na5 11. Qa4+ c6 12. cxd5 Bxd5 13. c4 Bf7 14. Qb4
b6 15. Be2 f4 16. O-O fxe3 17. fxe3 Qe7 18. Qc3 O-O 19. Rad1 Rad8 20. Bd3 Be6
21. Kh1 Qd7 22. Qc2 Kg7 23. Rf2 Nb7 24. Rdf1 Qe7 25. Qc3 Nd6 26. e4 b5 27. cxb5
Nxb5 28. Bxb5 cxb5 29. d5 Bc8 30. Qd4 a5 31. Nf3 Kg8 32. Rc2 Rfe8 33. Nd2 f5
34. Rfc1 fxe4 35. Nf1 e3 36. Re2 Qe5 37. Qxe3 Qxe3 38. Rxe3 Rf8 39. Rd3 Ba6 40.
Rd2 b4 41. Ng3 Bb7 42. Rc5 Rfe8 43. h3 Re5 44. Rxa5 Rexd5 45. Raxd5 Rxd5 46.
Rb2 Bc6 47. Kg1 Ra5 48. Ne2 Bd5 49. Nc1 1/2-1/2

[Event "2. Arberseniorencup 2014"]
[Site "Bayerisch Eisenstein"]
[Date "2014.08.21"]
[Round "6.2"]
[White "Winiwarter, Felix"]
[Black "Riedl, Maximilian"]
[Result "1-0"]
[WhiteElo "2149"]
[BlackElo "2005"]
[PlyCount "63"]
[EventDate "2014.08.16"]
[WhiteTeam "Sgm Voest Krems"]
[BlackTeam "SC Furth im W./Waldmünch"]

1. Nf3 c5 2. e4 Nf6 3. e5 Nd5 4. Nc3 e6 5. d4 Nc6 6. Nxd5 exd5 7. dxc5 Bxc5 8.
Qxd5 Qb6 9. Bc4 Bxf2+ 10. Ke2 O-O 11. Rf1 Bc5 12. Ng5 Nd4+ 13. Kd1 Ne6 14. Ne4
Be3 15. c3 Bxc1 16. Kxc1 Qc6 17. Kc2 b5 18. Qxc6 dxc6 19. Bd3 Nc7 20. Rae1 Nd5
21. h3 a6 22. g4 Ra7 23. Nd6 Be6 24. Rf3 Re7 25. a3 a5 26. b3 b4 27. c4 Nc7 28.
axb4 axb4 29. Ra1 Bc8 30. Ra7 Nd5 31. Ra8 Nb6 32. Rb8 1-0

[Event "2. Arberseniorencup 2014"]
[Site "Bayerisch Eisenstein"]
[Date "2014.08.21"]
[Round "6.3"]
[White "Wünsch, Ulrich"]
[Black "Tomanek, Rafael"]
[Result "1-0"]
[WhiteElo "2079"]
[BlackElo "1946"]
[PlyCount "57"]
[EventDate "2014.08.16"]
[WhiteTeam "USG Chemnitz"]
[BlackTeam "SK Doprastav Bratislava"]

1. d4 d5 2. Nf3 Nf6 3. e3 c6 4. Nbd2 Bf5 5. c4 e6 6. Be2 Nbd7 7. O-O Bd6 8. b3
O-O 9. Bb2 Ne4 10. Ne5 Nxe5 11. dxe5 Bb4 12. Nxe4 Bxe4 13. Bd3 Bxd3 14. Qxd3
dxc4 15. Qxc4 Qe7 16. a3 Ba5 17. b4 Bb6 18. a4 Rfd8 19. a5 Bc7 20. a6 Bb6 21.
axb7 Qxb7 22. Rfc1 c5 23. bxc5 Bxc5 24. Rab1 Bb6 25. Bd4 Rac8 26. Qb3 Rb8 27.
Rc4 Rd5 28. Qc2 Bxd4 29. Rxb7 1-0

[Event "2. Arberseniorencup 2014"]
[Site "Bayerisch Eisenstein"]
[Date "2014.08.21"]
[Round "6.4"]
[White "Gerl, Hans"]
[Black "Selig, Rainer"]
[Result "1/2-1/2"]
[WhiteElo "2046"]
[BlackElo "2070"]
[PlyCount "131"]
[EventDate "2014.08.16"]
[WhiteTeam "SK Zirndorf e.V."]
[BlackTeam "Spielver. Ebersbach/SA."]

1. d4 d5 2. c4 dxc4 3. e4 e5 4. Nf3 exd4 5. Nxd4 Bc5 6. Be3 Nf6 7. Nc3 a6 8.
Bxc4 O-O 9. a3 Ng4 10. O-O Nxe3 11. fxe3 Nd7 12. b4 Bd6 13. Rxf7 Rxf7 14. Bxf7+
Kxf7 15. Qb3+ Kg6 16. Nf5 Ne5 17. Rf1 h6 18. Nd5 Kh7 19. Qd1 Qg5 20. h4 Qg4 21.
Qxg4 Nxg4 22. Nxd6 cxd6 23. Nb6 Rb8 24. Rf8 Nxe3 25. Rxc8 Rxc8 26. Nxc8 Nc4 27.
a4 Kg6 28. Kf2 Kf6 29. Kf3 Ke5 30. Ne7 Nd2+ 31. Ke3 Nxe4 32. Ng6+ Kf5 33. h5
Nf6 34. Kf3 Nxh5 35. Ne7+ Ke6 36. Ng6 Kd5 37. g4 Nf6 38. Ne7+ Kc4 39. Nf5 d5
40. Nxg7 d4 41. Nf5 d3 42. Nxh6 Kxb4 43. g5 Nd5 44. Ng4 Ne7 45. Ke4 d2 46. Nf2
Kc3 47. Ke5 Ng6+ 48. Kf5 Nf8 49. Ke4 b5 50. axb5 axb5 51. Nd1+ Kc2 52. Ne3+ Kc1
53. Kd5 Ng6 54. Kc5 Ne5 55. Kxb5 Ng4 56. g6 Nxe3 57. g7 d1=Q 58. g8=Q Qd7+ 59.
Ka6 Qc6+ 60. Ka7 Nd5 61. Qg5+ Kc2 62. Qg2+ Kc3 63. Qg3+ Kd4 64. Qg7+ Ke4 65.
Qg4+ Ke5 66. Qg5+ 1/2-1/2

[Event "2. Arberseniorencup 2014"]
[Site "Bayerisch Eisenstein"]
[Date "2014.08.21"]
[Round "6.5"]
[White "Titz, Herbert"]
[Black "Gaug, Herbert"]
[Result "1-0"]
[WhiteElo "1987"]
[BlackElo "1856"]
[PlyCount "131"]
[EventDate "2014.08.16"]
[WhiteTeam "Austria Wien"]
[BlackTeam "SC Wolfsberg"]

1. e4 c6 2. d4 d5 3. Nc3 dxe4 4. Nxe4 Bf5 5. Ng3 Bg6 6. Nf3 e6 7. Bd3 Bxd3 8.
Qxd3 Nd7 9. O-O Ngf6 10. Re1 Bd6 11. Nf5 Bf8 12. Bf4 Qb6 13. Qb3 O-O-O 14. Ne3
h6 15. Nc4 Qxb3 16. axb3 a6 17. c3 Nd5 18. Bg3 Re8 19. Re2 N5b6 20. Nce5 Nxe5
21. Nxe5 Re7 22. Re3 g5 23. f4 Nd5 24. Rf3 gxf4 25. Bxf4 Nxf4 26. Rxf4 Rh7 27.
Raf1 f5 28. Re1 Rhg7 29. Rf2 Re8 30. Nd3 Kd7 31. Ne5+ Kd8 32. Rfe2 Bd6 33. Nc4
Bc7 34. Rxe6 Reg8 35. R1e2 f4 36. Rf6 c5 37. Ne5 cxd4 38. cxd4 Bxe5 39. dxe5
Ke7 40. Rxf4 Rg6 41. Rc4 Rd8 42. Rc7+ Rd7 43. Rxd7+ Kxd7 44. Kf2 Rb6 45. Re3
Ke6 46. Kf3 h5 47. Kf4 Rb4+ 48. Kg5 Rg4+ 49. Kxh5 Rxg2 50. h4 Rg1 51. Kh6 Rg8
52. Kh7 Rg4 53. h5 Rg2 54. Rc3 Kxe5 55. Rc7 b5 56. Rc6 Rxb2 57. Kg7 Rg2+ 58.
Rg6 Kd4 59. h6 Rh2 60. h7 Kc3 61. Rh6 Rxh6 62. Kxh6 Kxb3 63. h8=Q b4 64. Qa1
Kc2 65. Qa2+ Kc3 66. Qb1 1-0

[Event "2. Arberseniorencup 2014"]
[Site "Bayerisch Eisenstein"]
[Date "2014.08.21"]
[Round "6.6"]
[White "Slacik, Johann"]
[Black "Zilch, Lothar"]
[Result "0-1"]
[WhiteElo "1864"]
[BlackElo "1931"]
[PlyCount "63"]
[EventDate "2014.08.16"]
[WhiteTeam "ESV Westbahn Linz"]
[BlackTeam "SV Alsfeld"]

1. d4 Nf6 2. Nf3 d6 3. c4 g6 4. g3 Bg7 5. Nc3 O-O 6. Bg2 c6 7. O-O a5 8. Bd2
Nbd7 9. Qc1 Re8 10. a4 e5 11. dxe5 dxe5 12. Rd1 Qc7 13. Rb1 Nc5 14. b4 axb4 15.
Rxb4 Bf8 16. Qa1 Nce4 17. Nxe4 Nxe4 18. Rb2 Be6 19. Nxe5 Qxe5 20. Bf4 Qf5 21.
Rxb7 Bg7 22. Qa3 Red8 23. Rbb1 Rxd1+ 24. Rxd1 Nc3 25. Bxc6 Rc8 26. Rd2 Nb1 27.
Qb4 Nxd2 28. Qxd2 Qc5 29. Bb5 Bxc4 30. Be3 Qd5 31. Qc2 Qe6 32. h3 0-1

[Event "2. Arberseniorencup 2014"]
[Site "Bayerisch Eisenstein"]
[Date "2014.08.21"]
[Round "6.7"]
[White "Ketzscher, Roland"]
[Black "Gervinskas-Wagner, Vidmant"]
[Result "1/2-1/2"]
[WhiteElo "2028"]
[BlackElo "1896"]
[PlyCount "37"]
[EventDate "2014.08.16"]
[WhiteTeam "TSV IFA Chemnitz"]
[BlackTeam "SK Freising"]

1. d4 d5 2. c4 e6 3. Nc3 Nf6 4. Bg5 Be7 5. Nf3 O-O 6. e3 Nbd7 7. Rc1 c6 8. Bd3
dxc4 9. Bxc4 Nd5 10. Bxe7 Qxe7 11. O-O Nxc3 12. Rxc3 e5 13. Qc2 e4 14. Nd2 Nf6
15. Bb3 Bd7 16. Rc5 Rae8 17. Re5 Qb4 18. a3 Qb6 19. Rxe8 1/2-1/2

[Event "2. Arberseniorencup 2014"]
[Site "Bayerisch Eisenstein"]
[Date "2014.08.21"]
[Round "6.8"]
[White "Kiefer, Herbert"]
[Black "Zerweck, Christoph"]
[Result "0-1"]
[WhiteElo "1872"]
[BlackElo "1881"]
[PlyCount "163"]
[EventDate "2014.08.16"]
[WhiteTeam "SC Ansbach 1855 e.V."]
[BlackTeam "SV Herrenberg e.V."]

1. Nc3 d5 2. e4 d4 3. Nce2 e5 4. Nf3 Nc6 5. Ng3 Be6 6. Bb5 f6 7. O-O Bc5 8. d3
Nge7 9. Nh5 O-O 10. Ng3 a6 11. Ba4 Ng6 12. Bd2 Bd6 13. Re1 Kh8 14. Bb3 Qd7 15.
Bxe6 Qxe6 16. Nf5 Rfd8 17. a4 a5 18. Kh1 Bc5 19. Rg1 Nge7 20. g4 g6 21. Nxe7
Bxe7 22. Nh4 Rg8 23. Qf3 Raf8 24. Qh3 Bd6 25. Rg3 b6 26. f3 Nd8 27. Bh6 Re8 28.
Qg2 Nf7 29. Bd2 Qe7 30. Qh3 Ng5 31. Bxg5 fxg5 32. Ng2 Qg7 33. Rg1 Rgf8 34. Ne1
Bb4 35. Qg2 Rf7 36. Qe2 Ref8 37. Ng2 Qf6 38. Qd1 Qc6 39. b3 Qc3 40. Rf1 Qc6 41.
Qc1 Be7 42. Rh3 Kg7 43. Rg3 h6 44. Kg1 Qc5 45. Ne1 Qc6 46. h3 Bb4 47. Kg2 Qc3
48. Kf2 Rf6 49. Kg1 R6f7 50. Ng2 Qc5 51. h4 Qe7 52. Rh3 Rh8 53. h5 Rf6 54. hxg6
Kxg6 55. Rf2 Qc5 56. Qd1 Rf7 57. Qf1 Qd6 58. Rh5 Rf6 59. Kh2 Rhf8 60. Kg3 Bc3
61. Qh1 Kg7 62. Qf1 Qb4 63. Qe2 Qe7 64. Rh1 Qf7 65. Rhf1 Rh8 66. Rh1 Bb4 67.
Qd1 h5 68. gxh5 Rxh5 69. Qg1 Rfh6 70. Rxh5 Qxh5 71. Re2 Qh3+ 72. Kf2 Rf6 73.
Ne1 g4 74. Qg2 Qh4+ 75. Kg1 Bxe1 76. Qxg4+ Qxg4+ 77. fxg4 Bh4 78. Kg2 Bg5 79.
Re1 Bf4 80. Rf1 Rh6 81. Rh1 Rxh1 82. Kxh1 0-1

[Event "2. Arberseniorencup 2014"]
[Site "Bayerisch Eisenstein"]
[Date "2014.08.21"]
[Round "6.10"]
[White "Svoboda, Jaroslav"]
[Black "Klimpel, Siegfried"]
[Result "1-0"]
[WhiteElo "1599"]
[BlackElo "1868"]
[PlyCount "63"]
[EventDate "2014.08.16"]
[BlackTeam "TSV Kareth-Lappersdorf"]

1. Nf3 e6 2. c4 b6 3. Nc3 Nf6 4. e4 d5 5. cxd5 exd5 6. e5 Ng8 7. d4 Bb7 8. Be3
Ne7 9. Bd3 Nd7 10. O-O Ng6 11. Rc1 a6 12. Ng5 Be7 13. Nh3 c5 14. f4 cxd4 15.
Bxd4 Bc5 16. Bf5 Bxd4+ 17. Qxd4 Ne7 18. e6 O-O 19. exf7+ Kh8 20. Be6 Nc5 21. f5
Nc6 22. Qg4 Ne5 23. Qh5 Qf6 24. Nf4 Ncd3 25. Ncxd5 Bxd5 26. Nxd5 Qd8 27. f6
gxf6 28. Rxf6 Kg7 29. Rcf1 Qd6 30. h3 Rad8 31. Bf5 Rxf7 32. Rxd6 1-0

[Event "2. Arberseniorencup 2014"]
[Site "Bayerisch Eisenstein"]
[Date "2014.08.21"]
[Round "6.11"]
[White "Scheuerlein, Gerhard"]
[Black "Tveten, Per"]
[Result "1-0"]
[WhiteElo "1813"]
[BlackElo "1578"]
[PlyCount "99"]
[EventDate "2014.08.16"]
[WhiteTeam "SK Schwabach 1907 e.V."]

1. d4 d5 2. c4 c6 3. e3 Bf5 4. Bd3 Bxd3 5. Qxd3 e6 6. Nf3 Bb4+ 7. Nc3 Nf6 8.
Bd2 O-O 9. a3 Bxc3 10. bxc3 Ne4 11. Rb1 Nxd2 12. Nxd2 b6 13. O-O Nd7 14. cxd5
cxd5 15. c4 Nf6 16. cxd5 Nxd5 17. e4 Nf4 18. Qe3 Ng6 19. f4 f5 20. exf5 exf5
21. Nf3 Qd6 22. g3 Rfe8 23. Qb3+ Kh8 24. Rbd1 h6 25. h4 Re7 26. h5 Nf8 27. Ne5
Qe6 28. d5 Qd6 29. Rc1 Rd8 30. Nc6 Rdd7 31. Nxe7 Qxe7 32. Rc8 Rd8 33. Rxd8 Qxd8
34. Re1 Nd7 35. d6 Nc5 36. Qf7 Ne4 37. d7 Qc7 38. Qf8+ Kh7 39. Qc8 Qd6 40. d8=Q
Qxd8 41. Qxd8 Nxg3 42. Re8 Nxh5 43. Rh8+ Kg6 44. Qe8+ Kf6 45. Qxh5 a5 46. Rf8+
Ke7 47. Qf7+ Kd6 48. Rd8+ Kc6 49. Qd5+ Kc7 50. Rd7+ 1-0

[Event "2. Arberseniorencup 2014"]
[Site "Bayerisch Eisenstein"]
[Date "2014.08.21"]
[Round "6.12"]
[White "Mosler, Ernst"]
[Black "Reichert, Rudolf"]
[Result "1/2-1/2"]
[WhiteElo "1693"]
[BlackElo "1845"]
[PlyCount "33"]
[EventDate "2014.08.16"]
[WhiteTeam "SV Wettstetten e.V."]

1. e4 e5 2. Nf3 Nc6 3. Bc4 h6 4. Nc3 a6 5. d4 exd4 6. Nxd4 Ne5 7. Be2 Bc5 8.
Nf3 Ng6 9. O-O d6 10. Bc4 Be6 11. Bxe6 fxe6 12. Be3 Bxe3 13. fxe3 N8e7 14. Nd4
Qd7 15. Qg4 e5 16. Qxd7+ Kxd7 17. Nf5 1/2-1/2